000 00517nam a2200169 4500
999 _c4264
_d4264
008 160901b xxu||||| |||| 00| 0 eng d
022 _a2094-8042
082 _aDPer 370.105 M72 Jan-Dec 2012 v60-61
100 _913971
_aSoriano, Edna R.
243 _aThe modern teacher
245 _aLahing Filipino/
_cEdna R. Soriano.
260 _aPhilippines:
_bIn the Grade School, Inc.,
_c©2012.
300 _av61 n1, page 31;
_c28 cm.
500 _aThe Modern Teacher
650 0 _913972
_aPoetry.
942 _2ddc
_cPER